Report on the 1997 general elections in Kenya : (Record no. 124613)
[ view plain ]
| 000 -LEADER | |
|---|---|
| fixed length control field | 01326nam a2200337 a 4500 |
| 001 - CONTROL NUMBER | |
| control field | 2155859 |
| 003 - CONTROL NUMBER IDENTIFIER | |
| control field | ARRUPE |
| 005 - DATE AND TIME OF LATEST TRANSACTION | |
| control field | 20160414092619.0 |
| 008 - FIXED-LENGTH DATA ELEMENTS--GENERAL INFORMATION | |
| fixed length control field | 981029s1998 ke a bs 000 0 eng |
| 010 ## - LIBRARY OF CONGRESS CONTROL NUMBER | |
| LC control number | 98981729 |
| 020 ## - INTERNATIONAL STANDARD BOOK NUMBER | |
| International Standard Book Number | 9966996117 |
| 040 ## - CATALOGING SOURCE | |
| Original cataloging agency | DLC |
| Transcribing agency | DLC |
| 042 ## - AUTHENTICATION CODE | |
| Authentication code | lcode |
| 043 ## - GEOGRAPHIC AREA CODE | |
| Geographic area code | f-ke--- |
| 050 00 - LIBRARY OF CONGRESS CALL NUMBER | |
| Classification number | JQ2947.A956 |
| Item number | R46 19983 |
| 082 00 - DEWEY DECIMAL CLASSIFICATION NUMBER | |
| Classification number | 324.96762/042 |
| Edition number | 21 |
| 300 ## - PHYSICAL DESCRIPTION | |
| Other physical details | ill. (some col.) ; |
| Dimensions | 30 cm. |
| 245 00 - TITLE STATEMENT | |
| Title | Report on the 1997 general elections in Kenya : |
| Remainder of title | 29-30 December, 1997. |
| 260 ## - PUBLICATION, DISTRIBUTION, ETC. (IMPRINT) | |
| Place of publication, distribution, etc | Nairobi : |
| Name of publisher, distributor, etc | Institute for Education in Democracy : |
| -- | Catholic Justice and Peace Commission : |
| -- | National Council of Churches of Kenya, |
| Date of publication, distribution, etc | 1998. |
| 300 ## - PHYSICAL DESCRIPTION | |
| Extent | ix, 260 p. : |
| 504 ## - BIBLIOGRAPHY, ETC. NOTE | |
| Bibliography, etc | Includes bibliographical references (p. 259-260). |
| 610 10 - SUBJECT ADDED ENTRY--CORPORATE NAME | |
| Corporate name or jurisdiction name as entry element | Kenya. |
| Subordinate unit | National Assembly |
| General subdivision | Elections, 1997. |
| 9 (RLIN) | 23784 |
| 650 #0 - SUBJECT ADDED ENTRY--TOPICAL TERM | |
| Topical term or geographic name as entry element | Elections |
| Geographic subdivision | Kenya. |
| 9 (RLIN) | 22982 |
| 650 #0 - SUBJECT ADDED ENTRY--TOPICAL TERM | |
| Topical term or geographic name as entry element | Election monitoring |
| Geographic subdivision | Kenya. |
| 9 (RLIN) | 23785 |
| 651 #0 - SUBJECT ADDED ENTRY--GEOGRAPHIC NAME | |
| Geographic name | Kenya |
| General subdivision | Politics |
| Chronological subdivision | 1978- |
| 9 (RLIN) | 23786 |
| 710 2# - ADDED ENTRY--CORPORATE NAME | |
| Corporate name or jurisdiction name as entry element | Institute for Education in Democracy (Kenya) |
| 9 (RLIN) | 23787 |
| 710 2# - ADDED ENTRY--CORPORATE NAME | |
| Corporate name or jurisdiction name as entry element | Catholic Justice and Peace Commission (Kenya) |
| 9 (RLIN) | 23788 |
| 710 2# - ADDED ENTRY--CORPORATE NAME | |
| Corporate name or jurisdiction name as entry element | National Council of Churches of Kenya. |
| 9 (RLIN) | 23789 |
| 906 ## - LOCAL DATA ELEMENT F, LDF (RLIN) | |
| a | 7 |
| b | cbc |
| c | origode |
| d | 2 |
| e | ncip |
| f | 19 |
| g | y-gencatlg |
| 942 ## - ADDED ENTRY ELEMENTS (KOHA) | |
| Source of classification or shelving scheme | Library of Congress Classification |
| Koha item type | Monograph ( Printed materials) |
| Withdrawn status | Lost status | Source of classification or shelving scheme | Damaged status | Not for loan | Collection code | Home library | Current library | Shelving location | Date acquired | Total Checkouts | Full call number | Barcode | Date last seen | Price effective from | Koha item type |
|---|---|---|---|---|---|---|---|---|---|---|---|---|---|---|---|
| Library of Congress Classification | Main Collection | ARRUPE LIBRARY | ARRUPE LIBRARY | Main Collection | 14/04/2016 | JQ2947.A956 R46 1998 | 46500006945 | 14/04/2016 | 14/04/2016 | Monograph ( Printed materials) |